|
|
|
|
| LEADER |
00000cam a2200000 7i4500 |
| 001 |
0000281006 |
| 005 |
20210705164719.0 |
| 006 |
a ###g ### |
| 007 |
t |
| 008 |
210616t g eng # |
| 020 |
|
|
|a 9781472976932
|
| 040 |
|
|
|a MBPJ
|b eng
|c MBPJ
|e rda
|
| 090 |
1 |
0 |
|a 796.315
|b BOW
|
| 245 |
1 |
0 |
|a Bowls
|c written in association with Bowls England and the British Crown Green Bowling Association
|
| 250 |
|
|
|a 4th. edition
|
| 264 |
|
1 |
|a London :
|b Bloomsbury Sport
|c [2019]
|
| 264 |
|
4 |
|c ©2019
|
| 300 |
|
|
|a 64 pages :
|b colour illustrations ;
|c 20 cm.
|
| 336 |
|
|
|a still image
|2 rdacontent
|
| 336 |
|
|
|a text
|2 rdacontent
|
| 337 |
|
|
|a unmediated
|2 rdamedia
|
| 338 |
|
|
|a volume
|2 rdacarrier
|
| 650 |
|
0 |
|a Bowls (Game)
|
| 650 |
|
0 |
|a Lawn bowls
|
| 650 |
|
0 |
|a Lawn bowls
|x Technique
|
| 710 |
2 |
|
|a English Bowling Association
|e issuing body
|
| 999 |
|
|
|a 00390717
|b BUKU
|c PINJAMAN
|e PERPUSTAKAAN KOMUNITI PETALING JAYA
|